| 000 | 00000nam##2200000za#4500 |
| 001 | 9.570593 |
| 003 | CaOODSP |
| 005 | 20210624182320 |
| 007 | cr ||||||||||| |
| 008 | 150406|1998||||xxc|||||o f|0| 0 eng|d |
| 040 | |aCaOODSP|beng |
| 043 | |an-cn--- |
| 086 | 1 |aC21-24/26-1998E-PDF |
| 110 | 1 |aCanada.|bIndustry Canada. |bMicro-Economic Analysis Directorate. |
| 245 | 10|aIntrafirm trade of Canadian-based foreign transnational companies / |h[electronic resource]|cby Richard A. Cameron. |
| 260 | |aOttawa - Ontario : |bIndustry Canada. |cDecember 1998. |
| 300 | |a57p.|bgraphs, tables |
| 490 | 1 |aWorking paper series|vNo. 26 |
| 500 | |aThe catalogue number (C21-24/28-1999) is incorrect. The ISBN (0-662-64044-6) for the bilingual print edition has been incorrectly copied in this electronic publication. |
| 590 | |a12-11-Supp|b2012-03-27 |
| 720 | 1 |aCameron, Richard A. |
| 775 | 08|tCommerce intrasociété des entreprises transnationales étrangères au Canada / |w(CaOODSP)9.601241 |
| 776 | 0#|tCommerce intrasociété des entreprises transnationales étrangères au Canada / |w(CaOODSP)9.531541 |
| 776 | 0#|tIntrafirm trade of Canadian-based foreign transnational companies / |w(CaOODSP)9.531540 |
| 830 | #0|aWorking paper series ;|vNo. 26|w(CaOODSP)9.504711 |
| 856 | 40|ahttp://publications.gc.ca|qPDF|s182 KB|uhttps://publications.gc.ca/collections/Collection/C21-24-28-1999E.pdf|yNo. 26 |